Dealing in Cultural Objects (Offences) Act 2003 (Record no. 74060)

MARC details
000 -LEADER
fixed length control field 01180cam a2200217 4500
001 - CONTROL NUMBER
control field X124860
008 - FIXED-LENGTH DATA ELEMENTS--GENERAL INFORMATION
fixed length control field 040116n2003 000 0 eng u
035 ## - SYSTEM CONTROL NUMBER
System control number (Sirsi) u124860
100 ## - MAIN ENTRY--PERSONAL NAME
Personal name Harwood, R.
245 ## - TITLE STATEMENT
Title Dealing in Cultural Objects (Offences) Act 2003
260 ## - PUBLICATION, DISTRIBUTION, ETC.
Date of publication, distribution, etc. 2003
490 ## - SERIES STATEMENT
Series statement Art Antiquity and Law
Volume/sequential designation 8(4) December 2003, 347-355(9)
520 ## - SUMMARY, ETC.
Summary, etc. Outlines the content of the Dealing in Cultural Objects (Offences) Act 2003 which came into force on 30 December 2003. Under the Act, an individual commits a criminal offence when dealing with a cultural object if he or she knows or believes it to be tainted. Defines the terms cultural objects, tainted, dealing, knowing or believing and dishonesty. Explains which offences would be dealt with by the Theft Act 1968 and those where the 2003 Act would apply.
520 ## - SUMMARY, ETC.
Summary, etc. This article is not held by the RICS Library but can be obtained via inter-library loan. Please ask Library staff for details.
650 ## - SUBJECT ADDED ENTRY--TOPICAL TERM
Topical term or geographic name entry element DEALING IN CULTURAL OBJECTS (OFFENCES) ACT 2003
650 ## - SUBJECT ADDED ENTRY--TOPICAL TERM
Topical term or geographic name entry element CULTURAL OBJECTS
650 ## - SUBJECT ADDED ENTRY--TOPICAL TERM
Topical term or geographic name entry element THEFT ACT 1968
650 ## - SUBJECT ADDED ENTRY--TOPICAL TERM
Topical term or geographic name entry element CRIMINAL OFFENCE
690 ## - LOCAL SUBJECT ADDED ENTRY--TOPICAL TERM (OCLC, RLIN)
Topical term or geographic name as entry element Arts and antiques
9 (RLIN) 6217
942 ## - ADDED ENTRY ELEMENTS (KOHA)
Suppress in OPAC 0
Holdings
Withdrawn status Lost status Source of classification or shelving scheme Damaged status Not for loan Home library Current library Shelving location Date acquired Total Checkouts Full call number Barcode Date last seen Copy number Price effective from Koha item type
    Dewey Decimal Classification     London London Journal article 16/01/2004   X124860 124860-1001 06/08/2019 1 06/08/2019 Journal article